|
|
|
|
| LEADER |
00940nam a22002417a 4500 |
| 001 |
30819 |
| 003 |
BD-DhAAL |
| 005 |
20170104112140.0 |
| 008 |
160111s2013 bg ||||| |||| 00| 0 ben d |
| 020 |
|
|
|a 9789844144323
|
| 040 |
|
|
|a BD-DhAAL
|c BD-DhAAL
|
| 082 |
|
|
|2 22
|a 891.44
|
| 100 |
|
|
|a মঈনুল, আহসান সাবের
|9 17272
|
| 245 |
|
|
|a এখন পরিমল /
|c আহসান সাবের মঈনুল
|
| 260 |
|
|
|a ঢাকা :
|b অনিন্দ্য প্রকাশ,
|c 2013
|
| 300 |
|
|
|a ১৭৫ পৃ. :
|b ২২ সে. মি.
|
| 526 |
|
|
|a AAL
|
| 541 |
|
|
|e 30819
|
| 650 |
|
|
|a Bengali Literature
|9 17273
|
| 852 |
|
|
|a Ayesha Abed Library
|c General Stacks
|
| 942 |
|
|
|2 ddc
|c BK
|
| 999 |
|
|
|c 36574
|d 36574
|
| 952 |
|
|
|0 0
|1 0
|2 ddc
|4 0
|6 891_440000000000000_MOI
|7 0
|9 57555
|a BRACUL
|b BRACUL
|c GEN
|d 2016-01-11
|e Tamara Abed, BRAC
|l 10
|m 78
|o 891.44 MOI
|p 3010030819
|q 2026-06-03
|r 2026-04-22
|s 2026-04-22
|t 1
|w 2016-01-11
|y BK
|